Cyber-physical systems and supporting technologies for industrial automation /

Saved in:
Bibliographic Details
Main Authors: Thanigaivelan, R. (Author), Kaliappan, S. (Author), Jegadheesa, C. (Author)
Format: Book
Language:English
Published: USA: IGI Global, 2023
Subjects:
Tags: Add Tag
No Tags, Be the first to tag this record!

MARC

LEADER 00000nam a22000003a 4500
001 0116713
003 SK-STU
005 20250812094851.8
007 ta
008 250812s ----xo-----e------000-0-----d
020 |a 978-1-6684-9267-3 
040 |a STU  |b slo 
041 0 |a eng 
044 |a xxu 
100 1 |a Thanigaivelan, R.  |4 aut 
245 1 0 |a Cyber-physical systems and supporting technologies for industrial automation /  |c aut. R Thanigaivelan, S Kaliappan, C Jegadheesa 
260 |a USA:  |b IGI Global,  |c 2023 
300 |a 444s. 
650 0 7 |a priemyselná automatizácia 
650 0 7 |a Priemysel 4.0 
650 0 7 |a CPS 
650 0 7 |a kybernetické fyzikálne systémy 
700 1 |a Kaliappan, S.  |4 aut 
700 1 |a Jegadheesa, C.  |4 aut 
996 |b 284M089691  |c M* 14884-1  |l MMKN  |s A  |a 24  |w 0116713_0001 
996 |c M* DigP-459  |l MMKN  |s A  |a 24  |w 0116713_0002